000 00431nam a22001337a 4500
003 SGT
082 _a617.643
_bE24P
100 _aEkta
245 _aEvaluation of stress distribution in maxillary incisors during intrusion with clear aligners and self ligating brackets in a periodontally compromised patient
_bA finite element study
260 _bSGT University
_c2024
300 _a61
650 _aOrthodontics
942 _2ddc
_cTH
999 _c27128
_d27128